000 00493nam a22001577a 4500
003 MPLRDC
005 20220104142800.0
008 210129b ||||| |||| 00| 0 eng d
082 _a051.4 K1KC v.8 1964 c.2
100 _a坤成女子中学高中第八届毕业特刊编委会
245 _a坤成女中校刊. 附高中第八届毕业特刊
_c
260 _a
_b坤成女子中学高中第八届毕业刊编委会
_c1964
300 _b
650 _a
942 _cBK
_o051.4 K1KC v.8 1964 c.2
999 _c33669
_d33659